Animaux sans voyelles #2 - Statistiques

Statistiques générales
  • Ce quiz a été pris 1 113 fois
  • Le résultat moyen est 18 sur 20
Statistiques - réponses
Indices Réponses % Correct
CHT Chat
100%
HMSTR Hamster
99%
DPHN Dauphin
98%
HRSSN Hérisson
98%
LPN Lapin
98%
PNTHR Panthère
98%
VR D TRR Ver de terre
98%
CRVTT Crevette
97%
RQN Requin
97%
SCRPN Scorpion
97%
CHV-SRS Chauve-souris
92%
DRMDR Dromadaire
90%
GRNLL Grenouille
89%
CSTR Castor
86%
PNGLN Pangolin
84%
PHCCHR Phacochère
83%
KL Koala
82%
FRM Fourmi
77%
SCRGT Escargot
66%
MDS Méduse
37%
Aucun quiz correspondant
Distribution des résultats
% des personnes avec chaque résultat
Percentile par nombre de réponses
Votre historique - résultats
Vous n’avez pas pris ce quiz